000 00906nam a22002297a 4500
999 _c145599
_d145599
005 20230301120430.0
010 _a1718EN-30 ENG-122885 B-681999-002 ENG-136163
020 _a9789386050564
_c799.00
035 _aB-681999-002
035 _aEN-119695
037 _bPragati
_adpl
037 _bDBAD/PUB.
082 _a346.54016
100 _aRajkotia, Malavika
245 1 4 _aIntimacy undone:
_bmarriage, divorce and family law in India /
_cby Malavika Rajkotia
260 _aNew Delhi
_bSpeaking Tiger Publishing
_c2017
270 _a4381/4,Ansari Road,Daryaganj
_bNew Delhi
_e110002
300 _axiv, 418p.
_c22cm.(Hb)
500 _aIncludes references and index
942 _2ddc
_cEN
_mRAJ
_h346.54016